Compendio 2020 - A. Taller del acceder a la observación S1. Taller de fundamento y forma S2.
Salvato in:
| Autore principale: | |
|---|---|
| Altri autori: | , , , , |
| Natura: | Libro |
| Lingua: | inglese |
| Pubblicazione: |
Viña del Mar, Chile:
Escuela de Arquitectura y Diseño PUCV,
2020
|
| Soggetti: | |
| Tags: |
Aggiungi Tag
Nessun Tag, puoi essere il primo ad aggiungerne!!
|
MARC
| LEADER | 00000nam a22000007a 4500 | ||
|---|---|---|---|
| 003 | CL-VaPUC | ||
| 005 | 20231213112642.0 | ||
| 008 | 211201b2020 ||||| |||| 00| 0 eng d | ||
| 999 | |c 434206 |d 434204 | ||
| 040 | |c Pontificia Universidad Católica de Valparaíso | ||
| 082 | 0 | 4 | |2 21 |a 720 AND 2020 |
| 100 | 1 | |a Andrade Castro, Oscar José |e autor |9 567723 | |
| 245 | 1 | 0 | |a Compendio 2020 - A. |b Taller del acceder a la observación S1. Taller de fundamento y forma S2. |
| 260 | |a Viña del Mar, Chile: |b Escuela de Arquitectura y Diseño PUCV, |c 2020 | ||
| 300 | |a 251 páginas | ||
| 500 | |a Memo ARQ 02 29-10-2021 | ||
| 583 | |c 20211201 |k Sebastián Perez | ||
| 650 | 1 | |a Observación arquitectónica |x Espacio arquitectónico |x Talleres |9 867748 | |
| 650 | 1 | |a Fundamentos de arquitectura |x Forma arquitectónica |x Talleres |9 867749 | |
| 700 | |a Exss Cid, Úrsula Stephanie |e autora |9 886494 | ||
| 700 | |a Flores Contreras, Belén Francisca |9 737482 |e autora | ||
| 700 | |a Olea Ruiz, Maximiliano Sebastián |9 853025 |e autor | ||
| 700 | |a Sánchez Morales, María Paz |9 737477 |e autora | ||
| 700 | |a Valdivia Accardi, Nicole Andrea |9 853004 |e autora | ||
| 942 | |2 ddc |c BK | ||
| 952 | |0 0 |1 0 |2 ddc |4 0 |6 720_000000000000000_AND_2020 |7 0 |8 A |9 579421 |a BIBARQ |b BIBARQ |d 2021-12-01 |e Donación |i 5627664 |l 13 |o 720 AND 2020 |p 5627664 |r 2025-04-22 |s 2025-04-22 |t 1 |w 2021-12-01 |y BK |k ARQ | ||